000
00256nam a22001217a 4500
008
170905b xxu||||| |||| 00| 0 eng d
041
_a
alb
080
_a
61
100
_a
04
101
_a
MK
245
_a
EMBRIOLOGJIA E NJERIUT
_c
CICO,S
942
_2
udc
_c
BK
999
_c
26108
_d
26108